Vliv věkové struktury obyvatelstva na výskyt a léčbu chronických onemocnění v rámci Evropy

Analýza vzťahu medzi vekovou štruktúrou obyvateľstva a výskytom a liečbou chronických ochorení vo vybraných krajinách Európy pomocou viacrozmerných štatistických metód pomocou využitia programov EXCEL, STATISTICA a R.

Guardado en:
Detalles Bibliográficos
Autor principal: Kopecká, Lucie
Formato: Capítulo de libro
Lenguaje:checo
Materias:
Etiquetas: Agregar Etiqueta
Sin Etiquetas, Sea el primero en etiquetar este registro!

MARC

LEADER 00000naa a2200000 4500
001 0247136
005 20220715094015.9
041 0 |a cze 
044 |a SK 
245 1 0 |a Vliv věkové struktury obyvatelstva na výskyt a léčbu chronických onemocnění v rámci Evropy  |c Lucie Kopecká 
520 |a Analýza vzťahu medzi vekovou štruktúrou obyvateľstva a výskytom a liečbou chronických ochorení vo vybraných krajinách Európy pomocou viacrozmerných štatistických metód pomocou využitia programov EXCEL, STATISTICA a R. 
610 2 0 |a štruktúra obyvateľstva 
610 2 0 |a choroby civilizačné 
610 2 0 |a vek 
610 2 0 |a analýza komparatívna 
610 2 0 |a Európa 
610 2 0 |a starostlivosť o zdravie 
100 1 |a Kopecká, Lucie